[Event "Xtracon Chess Open 2018"]
[Site "Elsinore"]
[Date "2018.07.22"]
[Round "3"]
[White "Jessen, Alexander"]
[Black "Amin, Idris"]
[Result "1-0"]
[WhiteElo "2071"]
[BlackElo "1855"]
[EventDate "2018.07.21"]
[WhiteFideId "1437917"]
[BlackFideId "1746022"]

1.d4 d6 2.c4 g6 3.Nc3 Bg7 4.e4 Nf6 5.Be2 O-O 6.f4 c5 7.Nf3 cxd4 8.Nxd4 Qa5
9.O-O Qb6 10.Be3 Qa5 11.Bf3 Qa6 12.Ndb5 Ne8 13.Nd5 Qa5 14.Nxe7+ Kh8 15.
Nxc8 Nc6 16.Ncxa7 Nxa7 17.Nxa7 Rxa7 18.Bxa7 Qxa7+ 19.Kh1 Bxb2 20.Rb1 Bd4 
21.Qb3 b6 22.a4 Nc7 23.Rbd1 Bc5 24.Qc3+ Kg8 25.f5 Qxa4 26.e5 dxe5 27.Qxe5 
Ne8 28.Bd5 Bd6 29.Qd4 Qa7 30.Rde1 Qc7 31.fxg6 hxg6 32.Bxf7+ Rxf7 33.Rxe8+ 
Rf8 34.Rexf8+ Bxf8 35.Rxf8+ Kxf8 36.Qh8+ 1-0

[Event "Xtracon Chess Open 2018"]
[Site "Elsinore"]
[Date "2018.07.22"]
[Round "3"]
[White "Nesse, David"]
[Black "Salerno, Christian"]
[Result "1-0"]
[WhiteElo "1825"]
[BlackElo "2070"]
[EventDate "2018.07.21"]
[WhiteFideId "1519875"]
[BlackFideId "1310810"]

1.e4 e5 2.Nf3 Nf6 3.Nxe5 d6 4.Nf3 Nxe4 5.Nc3 Nxc3 6.dxc3 Be7 7.Bd3 Nc6 8.
Bf4 Bg4 9.h3 Bh5 10.g4 Bg6 11.h4 Qd7 12.Rg1 O-O-O 13.h5 Qe6+ 14.Be3 Bxd3 
15.Qxd3 g6 16.h6 Ne5 17.Qe2 Nxf3+ 18.Qxf3 Bg5 19.O-O-O Bxe3+ 20.Qxe3 Qxa2 
21.Rge1 Qa4 22.Rd4 Qa1+ 23.Kd2 Qxb2 24.Rb4 Qa2 25.Qf3 b6 26.Re7 Kb8 27.Qc6
Rc8 28.Ra4 Qb1 29.Re1 Qb2 30.Ree4 a5 31.Reb4 axb4 32.Ra8# 1-0

[Event "Xtracon Chess Open 2018"]
[Site "Elsinore"]
[Date "2018.07.22"]
[Round "3"]
[White "Liabotro, Ola"]
[Black "Dahl, Max"]
[Result "1/2-1/2"]
[WhiteElo "2066"]
[BlackElo "1848"]
[EventDate "2018.07.21"]
[WhiteFideId "1512382"]
[BlackFideId "1526626"]

1.e4 e6 2.d4 d5 3.Nc3 dxe4 4.Nxe4 Bd7 5.Nf3 Bc6 6.Bd3 Nd7 7.O-O Be7 8.Qe2 
Ngf6 9.Rd1 Nxe4 10.Bxe4 Bxe4 11.Qxe4 c6 12.c4 Nf6 13.Qe2 O-O 14.Bd2 Qc7 
15.Bc3 Rad8 16.Rac1 Rfe8 17.a4 c5 18.dxc5 Qxc5 19.b4 Qc6 20.Nd4 Qe4 21.Qb2
a6 22.Re1 Qg6 23.Nf3 Bd6 24.Bxf6 Qxf6 25.Qxf6 gxf6 26.c5 Be7 27.Re4 f5 28.
Rec4 Rd3 29.Ne5 Rd2 30.Kf1 Bf6 31.Nf3 Rb2 32.Rd1 Rd8 33.Rxd8+ Bxd8 34.Ne5 
Bf6 35.Nd7 Be7 36.Ke1 Kg7 37.g3 Kg6 38.h4 h6 39.Kd1 Rxf2 40.b5 axb5 41.
axb5 Rb2 42.c6 bxc6 43.bxc6 Bd6 44.c7 Bxc7 45.Rxc7 Rb3 46.Ke2 Rxg3 47.Kf2 
Rh3 48.Ne5+ Kf6 49.Nf3 Rh1 1/2-1/2

[Event "Xtracon Chess Open 2018"]
[Site "Elsinore"]
[Date "2018.07.22"]
[Round "3"]
[White "Hafstad, Leif"]
[Black "Pallesen, Jacob"]
[Result "1/2-1/2"]
[WhiteElo "1817"]
[BlackElo "2058"]
[EventDate "2018.07.21"]
[WhiteFideId "438030"]
[BlackFideId "1404881"]

1.e4 c5 2.Nf3 e6 3.g3 Nc6 4.Bg2 d6 5.O-O Nf6 6.Re1 Be7 7.c3 O-O 8.d4 d5 9.
exd5 Nxd5 10.dxc5 Bxc5 11.Nbd2 Nf6 12.h3 Qc7 13.Nf1 e5 14.Be3 Bxe3 15.Nxe3
Be6 16.Qe2 Rad8 17.Nc4 e4 18.Ng5 Bxc4 19.Qxc4 Rd2 20.Re2 e3 21.Rxd2 exd2 
22.Rd1 Rd8 23.Bxc6 bxc6 24.Nf3 Qb6 25.b3 Qa5 26.a4 Qf5 27.Rxd2 Rxd2 28.
Nxd2 Qxh3 29.Qxc6 h5 30.Qa8+ Kh7 31.Qf3 Qe6 32.Qe3 1/2-1/2

[Event "Xtracon Chess Open 2018"]
[Site "Elsinore"]
[Date "2018.07.22"]
[Round "3"]
[White "Nielsen, Klaus"]
[Black "Agustsson, Hafsteinn"]
[Result "1/2-1/2"]
[WhiteElo "2057"]
[BlackElo "1844"]
[EventDate "2018.07.21"]
[WhiteFideId "1410210"]
[BlackFideId "2302047"]

1.d4 d5 2.Nc3 e6 3.Nf3 Nf6 4.Bg5 Nbd7 5.a3 Be7 6.e3 O-O 7.Be2 c5 8.O-O b6 
9.h3 Bb7 10.Bf4 a6 11.Rb1 Rc8 12.a4 Nb8 13.Ne5 Nc6 14.Nxc6 Rxc6 15.Bf3 Rc8
16.Re1 Ne4 17.Nxe4 dxe4 18.Be2 Qd7 19.c3 Rfe8 20.Qb3 Qc6 21.Rbd1 c4 22.Qc2
Bd6 23.Bxd6 Qxd6 24.b3 Bd5 25.bxc4 Bxc4 26.Qxe4 Bxe2 27.Rxe2 Rxc3 28.Qb7 
b5 29.axb5 Rb8 30.Qxa6 Qxa6 31.bxa6 Ra3 32.Rc1 Rxa6 33.Rb2 Rba8 34.Rc7 
Ra1+ 35.Kh2 R1a5 36.Rbb7 Rf5 37.f3 h6 38.Rc5 Rxc5 39.dxc5 Ra2 40.c6 Rc2 
41.c7 Kh7 42.h4 h5 43.Kg3 Kg6 44.Kf4 Kf6 45.Ke4 Rc4+ 46.Kd3 Rc1 47.f4 g6 
48.Ke4 Rc4+ 49.Kf3 Rc1 50.g4 hxg4+ 51.Kxg4 Rg1+ 52.Kf3 Rc1 53.e4 Rc2 54.
e5+ Kg7 55.Kg3 Rc1 56.Kg4 Rg1+ 57.Kf3 Rc1 58.h5 gxh5 59.f5 Kh6 60.fxe6 
fxe6 61.Rb6 Rxc7 62.Rxe6+ Kg5 63.Rf6 Rc4 64.Rf8 Rc1 65.Ke4 Re1+ 66.Kd5 
Rd1+ 67.Ke6 Re1 68.Rf5+ Kg6 69.Rf2 Re3 70.Rg2+ Kh6 71.Kf5 Rf3+ 72.Ke4 Rf1 
73.e6 Re1+ 74.Kf5 Rf1+ 75.Ke5 Re1+ 76.Kf6 Rf1+ 77.Ke7 Re1 78.Rd2 h4 79.Kd7
Kh5 80.Rd5+ Kg4 81.e7 h3 82.e8=Q Rxe8 83.Kxe8 h2 1/2-1/2

[Event "Xtracon Chess Open 2018"]
[Site "Elsinore"]
[Date "2018.07.22"]
[Round "3"]
[White "Koellner, Felicitas Ophelia"]
[Black "Schultz-Pedersen, Jesper"]
[Result "1/2-1/2"]
[WhiteElo "1815"]
[BlackElo "2057"]
[EventDate "2018.07.21"]
[WhiteFideId "16207521"]
[BlackFideId "1404482"]

1.d4 d5 2.Nf3 c5 3.e3 Nf6 4.c3 Nc6 5.Bd3 Bg4 6.Nbd2 e6 7.O-O Rc8 8.dxc5 
Bxc5 9.e4 Bxf3 10.Qxf3 O-O 11.Qh3 Ne5 12.Bc2 Ng6 13.exd5 Nxd5 14.Ne4 Be7 
15.Rd1 Qb6 16.Bg5 Bxg5 17.Nxg5 Nf6 18.b3 Qa5 19.Ne4 Nxe4 20.Bxe4 Rxc3 21.
Rd3 Rxd3 22.Qxd3 Rd8 23.Qc2 Qb6 24.Bxg6 hxg6 25.Rd1 Rxd1+ 26.Qxd1 Qa5 27.
h3 Qd5 28.Qc1 g5 29.Qc8+ Kh7 30.Qc7 Kg6 31.Qc2+ f5 32.Qc8 Qc6 33.Qd8 Qc5 
34.Qe8+ Kf6 35.Qd8+ Kg6 36.Qe8+ 1/2-1/2

[Event "Xtracon Chess Open 2018"]
[Site "Elsinore"]
[Date "2018.07.22"]
[Round "3"]
[White "Skjoldager, Mikael"]
[Black "Kallenbach, Olav"]
[Result "1-0"]
[WhiteElo "2057"]
[BlackElo "1838"]
[EventDate "2018.07.21"]
[WhiteFideId "1434314"]
[BlackFideId "1414852"]

1.e4 c5 2.Nf3 Nc6 3.d4 cxd4 4.Nxd4 Nf6 5.Nc3 g6 6.Be3 Bg7 7.Qd2 O-O 8.f3 
d6 9.Bc4 a6 10.Bb3 Qc7 11.h4 Nxd4 12.Bxd4 Be6 13.g4 Bxb3 14.axb3 e5 15.Be3
h5 16.g5 Nh7 17.Nd5 Qd8 18.Bb6 Qd7 19.Ba5 Rae8 20.O-O-O f5 21.Nc7 Rc8 22.
Qxd6 Qxd6 23.Rxd6 fxe4 24.fxe4 Rf4 25.Rxg6 Nf8 26.Rd6 Rxe4 27.Nd5 Kh8 28.
Ne7 Re8 29.Nf5 Re6 30.Rd8 Rf4 31.Ng3 Kh7 32.Nxh5 Rf3 33.Rb8 Re7 34.Bb4 
Ref7 35.Nxg7 Kxg7 36.Bxf8+ Rxf8 37.Rxb7+ Kg6 38.Rb6+ Kh5 39.Re6 R8f5 40.
Rxa6 e4 41.Rh6+ Kg4 42.Rf6 Rxf6 43.gxf6 Rxf6 44.h5 Rh6 45.Kd2 Kf3 46.Rf1+ 
Kg2 47.Rf5 Re6 48.Ke3 Rc6 49.c3 1-0

[Event "Xtracon Chess Open 2018"]
[Site "Elsinore"]
[Date "2018.07.22"]
[Round "3"]
[White "Lindgaard, Tobias Simon"]
[Black "Bremer, Erik"]
[Result "1/2-1/2"]
[WhiteElo "1746"]
[BlackElo "1476"]
[EventDate "2018.07.21"]
[WhiteFideId "1419820"]
[BlackFideId "1411578"]

1.g3 d5 2.Bg2 c5 3.Nf3 Nc6 4.O-O Nf6 5.d3 e6 6.c3 Be7 7.Nbd2 O-O 8.Re1 e5 
9.e4 dxe4 10.dxe4 Re8 11.Qb3 Na5 12.Qc2 Bd7 13.Nxe5 Bb5 14.Ndf3 Qc7 15.c4 
Bd6 16.cxb5 Bxe5 17.Nxe5 Qxe5 18.Bd2 b6 19.Bc3 Qe6 20.Bxf6 gxf6 21.b3 Rad8
22.Qe2 c4 23.b4 Nb7 24.Qh5 Qe5 25.Qf5 Nd6 26.Qxe5 fxe5 27.Bf1 Nxb5 28.Bxc4
Nd4 29.Red1 Rc8 30.Bb3 Rc3 31.Kg2 Rec8 32.Bd5 Rc2 33.a4 R8c3 34.b5 Rf3 35.
Rf1 Rfc3 36.a5 Nxb5 37.axb6 axb6 38.Rfb1 Rc5 39.Ra8+ Kg7 40.Rb8 Nd4 41.
R8xb6 Rc7 42.Rb7 R2c5 43.Rxc7 Rxc7 44.Rb7 Rxb7 45.Bxb7 Kf6 46.Bd5 Ke7 47.
f4 f6 48.f5 Kd6 49.Bf7 Ke7 50.Bh5 Kf8 51.Bd1 Kg7 52.Kh3 Kh6 53.Kh4 Nb5 54.
Bb3 Nc3 55.Bd5 Ne2 56.g4 Nf4 57.Bc4 Ng2+ 58.Kg3 Nf4 59.h4 Kg7 60.g5 h6 61.
g6 Kf8 62.Kf3 Kg7 63.Bf1 Nh5 64.Ke3 Nf4 65.Kd2 Nh5 66.Kc3 Nf4 67.Kc4 Nh5 
68.Kd3 Nf4+ 69.Ke3 Kh8 70.Be2 Ng2+ 71.Kf3 Nf4 72.Bd1 Kg8 73.Ke3 Ng2+ 74.
Kd3 Nf4+ 75.Kc4 Kg7 76.Kc5 Ng2 77.h5 Ne3 78.Be2 Ng2 79.Bd1 Nf4 80.Bc2 Ng2 
81.Bd1 Nf4 82.Kb5 Ng2 83.Kc4 Kg8 84.Kc3 Kf8 85.Kd2 Kg8 86.Ba4 Kg7 1/2-1/2

[Event "Xtracon Chess Open 2018"]
[Site "Elsinore"]
[Date "2018.07.22"]
[Round "3"]
[White "Kristian, Pade Frederiksen"]
[Black "Colbow, Collin"]
[Result "0-1"]
[WhiteElo "1808"]
[BlackElo "2055"]
[EventDate "2018.07.21"]
[WhiteFideId "1435205"]
[BlackFideId "16201132"]

1.d4 Nf6 2.c4 e6 3.Nf3 Bb4+ 4.Nbd2 b6 5.e3 Bb7 6.Bd3 O-O 7.O-O d6 8.a3 
Bxd2 9.Bxd2 Ne4 10.Bc1 Nd7 11.Qc2 f5 12.Nd2 Qh4 13.f3 Nxd2 14.Bxd2 Rf6 15.
e4 fxe4 16.Be1 exd3 17.Bxh4 dxc2 18.Bxf6 Nxf6 19.Rac1 Re8 20.Rxc2 e5 21.
dxe5 Rxe5 22.Kf2 Kf7 23.b4 Nd7 24.Re1 Rxe1 25.Kxe1 Ba6 26.Kd2 c5 27.b5 Bb7
28.Kc3 d5 29.cxd5 Bxd5 30.Rd2 Nf6 31.Re2 Be6 32.a4 Nd5+ 33.Kb2 Ke7 34.Re4 
Kd6 35.Rh4 h6 36.g4 c4 37.g5 c3+ 38.Kc1 hxg5 39.Rc4 Bf5 40.h4 gxh4 41.Rxh4
Kc5 0-1

[Event "Xtracon Chess Open 2018"]
[Site "Elsinore"]
[Date "2018.07.22"]
[Round "3"]
[White "1941, Bo HT Eriksson"]
[Black "Satre, Roger"]
[Result "1/2-1/2"]
[WhiteElo "2053"]
[BlackElo "1834"]
[EventDate "2018.07.21"]
[WhiteFideId "1702777"]
[BlackFideId "1510320"]

1.Nf3 Nf6 2.d4 d5 3.c4 c6 4.g3 e6 5.Bg2 Nbd7 6.O-O Be7 7.Nbd2 O-O 8.Qc2 b6
9.e4 dxe4 10.Nxe4 Bb7 11.Nxf6+ Bxf6 12.Rd1 Qe7 13.Be3 Rfd8 14.Rac1 c5 15.
Ng5 Nf8 16.Bxb7 Qxb7 17.dxc5 bxc5 18.b3 Bd4 19.Bxd4 Rxd4 20.Rxd4 cxd4 21.
Qe4 Qxe4 22.Nxe4 e5 23.Kf1 Ne6 24.Ke2 Kf8 25.b4 Ke7 26.c5 f5 27.Nd6 g6 28.
Kd3 a5 29.a3 axb4 30.axb4 e4+ 31.Kc4 d3 32.b5 Ra2 33.Kb3 Rxf2 34.Nc4 Rc2 
35.Rxc2 Nxc5+ 36.Kc3 dxc2 37.Kxc2 Kd7 38.Kc3 Kc7 39.Kd4 Nd7 40.Ne3 h6 41.
Nd5+ Kd6 42.Ne3 Ne5 43.h4 Nf3+ 44.Kc4 Ne5+ 45.Kd4 Nd7 46.h5 gxh5 47.Nxf5+ 
Kc7 48.Kxe4 Kb6 49.Nxh6 Kxb5 50.Ng8 Kc6 51.Kf5 Kd6 52.Nf6 Nc5 53.Nxh5 Ke7 
54.Nf4 Nd7 55.g4 Kf7 56.Ng6 Kg7 57.g5 Kf7 1/2-1/2

[Event "Xtracon Chess Open 2018"]
[Site "Elsinore"]
[Date "2018.07.22"]
[Round "3"]
[White "Ponomarev, Denis"]
[Black "Nielsen, Jorgen Lovgren"]
[Result "1/2-1/2"]
[WhiteElo "1797"]
[BlackElo "2051"]
[EventDate "2018.07.21"]
[WhiteFideId "44136650"]
[BlackFideId "1403850"]

1.e4 e5 2.Nf3 Nc6 3.Bb5 Nf6 4.d3 d6 5.Nbd2 Be7 6.Bxc6+ bxc6 7.O-O O-O 8.
Nc4 Be6 9.Ne3 Qd7 10.Bd2 Ng4 11.Qe2 h6 12.c4 Nxe3 13.fxe3 f5 14.exf5 Bxf5 
15.e4 Bg4 16.h3 Bh5 17.g4 Bf7 18.Qg2 Be6 19.Kh2 g5 20.Rac1 c5 21.Ng1 Kg7 
22.Ne2 Rxf1 23.Rxf1 Rf8 24.Ng3 Rxf1 25.Qxf1 Qa4 26.Qc1 Qxa2 27.h4 Kg6 28.
Nf5 Bf6 29.Bc3 Qb3 30.Qd2 Bxf5 31.gxf5+ Kg7 32.Qe2 gxh4 33.Kh3 Bg5 34.Be1 
Qb8 35.Qh5 Qb3 36.Qe2 Qb8 37.Qh5 Qb3 38.Qe2 1/2-1/2

[Event "Xtracon Chess Open 2018"]
[Site "Elsinore"]
[Date "2018.07.22"]
[Round "3"]
[White "Stray, Gunnar"]
[Black "Dishman, Matthew"]
[Result "1-0"]
[WhiteElo "2048"]
[BlackElo "1820"]
[EventDate "2018.07.21"]
[WhiteFideId "1501631"]
[BlackFideId "438642"]

1.d4 Nf6 2.Nf3 e6 3.e3 c5 4.Bd3 cxd4 5.exd4 Be7 6.O-O O-O 7.b3 d6 8.Bb2 b6
9.Nbd2 Bb7 10.Rc1 Nbd7 11.c4 Rc8 12.Re1 Re8 13.Bb1 Bf8 14.Nf1 Rc7 15.N3d2 
Qa8 16.f3 d5 17.Ng3 Rec8 18.Qe2 Bb4 19.Red1 a5 20.Ndf1 Ba6 21.Bd3 Qa7 22.
Kh1 Rc6 23.Ne3 Qc7 24.Ngf1 a4 25.cxd5 Bxd3 26.Qxd3 exd5 27.Rxc6 Qxc6 28.
Rc1 Qb7 29.Rxc8+ Qxc8 30.bxa4 Qc6 31.Qb5 Qxb5 32.axb5 Nf8 33.a3 Be1 34.g3 
g6 35.Nc2 Ba5 36.Kg2 Ne6 37.Kf2 Kf8 38.Ke2 h5 39.Bc1 Ke7 40.Kd3 Kd6 41.a4 
Kc7 42.h4 Kd6 43.Nfe3 Kd7 44.Nd1 Kd6 45.Nc3 Bxc3 46.Kxc3 Nd8 47.Bg5 Ke6 
48.Nb4 1-0

[Event "Xtracon Chess Open 2018"]
[Site "Elsinore"]
[Date "2018.07.22"]
[Round "3"]
[White "Manz, Andreas"]
[Black "Mortensen, Rogvi"]
[Result "1/2-1/2"]
[WhiteElo "1791"]
[BlackElo "2047"]
[EventDate "2018.07.21"]
[WhiteFideId "24660108"]
[BlackFideId "7202369"]

1.d4 Nf6 2.Bf4 d5 3.e3 c5 4.c3 Nc6 5.Nd2 e6 6.Ngf3 cxd4 7.exd4 Nh5 8.Bg5 
f6 9.Bh4 Bd6 10.Bd3 Nf4 11.Bf1 O-O 12.Bg3 Bd7 13.Bxf4 Bxf4 14.g3 Bd6 15.
Bg2 Be8 16.O-O Qd7 17.Re1 Bh5 18.Bh3 Rfe8 19.Qb3 Rad8 20.c4 Qf7 21.cxd5 
exd5 22.Bg2 Bb4 23.Rxe8+ Rxe8 24.Ng5 Qd7 25.Bxd5+ Kh8 26.Bxc6 Qxc6 27.Qxb4
fxg5 28.Qc5 Qxc5 29.dxc5 Re2 30.Nc4 Rc2 31.b3 h6 32.Nd6 Bf3 33.b4 a5 34.
bxa5 Rxc5 35.a3 Rxa5 36.Nc4 Rc5 37.Ne3 Kh7 38.Kf1 1/2-1/2

[Event "Xtracon Chess Open 2018"]
[Site "Elsinore"]
[Date "2018.07.22"]
[Round "3"]
[White "Acikel, Mert"]
[Black "Nielsen, Kai Gylling"]
[Result "1-0"]
[WhiteElo "2040"]
[BlackElo "1813"]
[EventDate "2018.07.21"]
[WhiteFideId "12956465"]
[BlackFideId "1406400"]

1.e4 e6 2.d4 d5 3.Nd2 Nc6 4.c3 dxe4 5.Nxe4 Nf6 6.Nxf6+ Qxf6 7.Nf3 h6 8.Be3
Bd7 9.Qc2 a6 10.Qe4 Qf5 11.Qxf5 exf5 12.Bd3 g5 13.O-O-O O-O-O 14.d5 Ne7 
15.Ne5 Be8 16.Bc5 Nxd5 17.Bxf5+ Kb8 18.Bxf8 Rxf8 19.c4 f6 20.Nf3 Bc6 21.
cxd5 Bxd5 22.b3 Rd6 23.Rhe1 Rfd8 24.Bg6 a5 25.Re8 a4 26.Rxd8+ Rxd8 27.Bf7 
c6 28.Bxd5 cxd5 29.bxa4 Rd6 30.Kb2 Ka7 31.Nd4 Ka6 32.Nb5 Rd7 33.Rxd5 Re7 
34.Rd6+ Ka5 35.Rxf6 Kxa4 36.Nc3+ Ka5 37.Rxh6 Rf7 38.f3 g4 39.fxg4 Rf2+ 40.
Kb3 Rxg2 41.Rh5+ Ka6 42.g5 b6 43.h4 Rg3 44.Rh6 Ka5 45.g6 b5 46.a3 Rg4 47.
h5 b4 48.axb4+ Rxb4+ 49.Kc2 Rg4 50.Rh7 1-0

[Event "Xtracon Chess Open 2018"]
[Site "Elsinore"]
[Date "2018.07.22"]
[Round "3"]
[White "Alquist, Erik"]
[Black "Rolstad, Morten"]
[Result "1-0"]
[WhiteElo "2035"]
[BlackElo "1805"]
[EventDate "2018.07.21"]
[WhiteFideId "1707701"]
[BlackFideId "1525026"]

1.e4 e5 2.Nf3 Nc6 3.Bb5 a6 4.Ba4 Nf6 5.O-O Be7 6.Re1 b5 7.Bb3 O-O 8.a4 b4 
9.d3 d6 10.Nbd2 Be6 11.Nc4 Ne8 12.c3 g6 13.a5 Ng7 14.d4 exd4 15.cxd4 d5 
16.Nce5 Nb8 17.Bh6 f6 18.Nd3 Bf7 19.exd5 Re8 20.Bxg7 Kxg7 21.Nf4 Qd6 22.
Ne6+ Kg8 23.Qc1 Ra7 24.Qh6 Bf8 25.Qh4 Nd7 26.Rac1 Qe7 27.Re3 f5 28.Neg5 h6
29.Rxe7 hxg5 30.Nxg5 Bxe7 31.Qh7+ Kf8 32.Qxf7# 1-0

[Event "Xtracon Chess Open 2018"]
[Site "Elsinore"]
[Date "2018.07.22"]
[Round "3"]
[White "Christiansen, Arne"]
[Black "Larsen, Preben R."]
[Result "1-0"]
[WhiteElo "2032"]
[BlackElo "1803"]
[EventDate "2018.07.21"]
[WhiteFideId "1402013"]
[BlackFideId "1425790"]

1.d4 Nf6 2.c4 e6 3.Nf3 Bb4+ 4.Bd2 Qe7 5.Nc3 Bxc3 6.Bxc3 Ne4 7.Qc2 d5 8.e3 
c6 9.Bd3 Nxc3 10.bxc3 Nd7 11.cxd5 exd5 12.O-O Nf6 13.Ne5 Ng4 14.Nxg4 Bxg4 
15.f3 Bh5 16.e4 Bg6 17.Rae1 O-O 18.exd5 Bxd3 19.Qxd3 Qd6 20.dxc6 bxc6 21.
Re5 Rfd8 22.Qc4 Rab8 23.Rfe1 Kf8 24.Qc5 Qxc5 25.Rxc5 Rd6 26.Re2 Rb5 27.
Rxb5 cxb5 28.Rb2 a6 29.Kf2 Rc6 30.Rc2 Ke7 31.Ke3 Kd6 32.Kd3 Rc4 33.h4 Ra4 
34.Ke4 Rc4 35.g4 b4 36.Kd3 Kd5 37.cxb4 Rxb4 38.Rc5+ Kd6 39.Ra5 Rb6 40.Ke4 
Kd7 41.f4 Rc6 42.Rd5+ Ke7 43.Rc5 Rb6 44.Rc7+ Ke8 45.Ra7 g6 46.f5 gxf5+ 47.
gxf5 Kf8 48.Ke5 Rb5+ 49.d5 Rb6 50.f6 Ke8 51.Ra8+ Kd7 52.Rf8 Rb2 53.Rxf7+ 
Ke8 54.Rxh7 Rxa2 55.h5 Re2+ 56.Kd6 Rf2 57.Re7+ Kf8 58.Re6 Rf5 59.h6 Rh5 
60.Kc5 a5 61.f7 Kxf7 62.Ra6 a4 63.h7 Kg7 64.Rxa4 Kxh7 65.Rg4 Rh1 66.d6 1-0

[Event "Xtracon Chess Open 2018"]
[Site "Elsinore"]
[Date "2018.07.22"]
[Round "3"]
[White "Stochkel, Casper"]
[Black "Svendsen, Mads O."]
[Result "0-1"]
[WhiteElo "1784"]
[BlackElo "2030"]
[EventDate "2018.07.21"]
[WhiteFideId "1426702"]
[BlackFideId "1411780"]

1.d4 Nf6 2.Nf3 g6 3.b3 Bg7 4.Bb2 O-O 5.e3 d6 6.Bd3 Nbd7 7.O-O c5 8.Nbd2 b6
9.c4 Bb7 10.Qe2 cxd4 11.exd4 Re8 12.Ne4 Nh5 13.Qd2 h6 14.d5 f5 15.Ng3 Bxb2
16.Qxb2 Nf4 17.Qd4 Nxd3 18.Qxd3 e5 19.dxe6 Nc5 20.Qc3 Rxe6 21.Rad1 f4 22.
Nd4 fxg3 23.hxg3 Rf6 24.Qe3 Qf8 25.Rfe1 Ne4 26.f4 Re8 27.Kh2 d5 28.Qd3 Nf2
29.Rxe8 Qxe8 30.Qf3 Nxd1 31.Qxd1 dxc4 32.Nb5 Qxb5 33.Qd8+ Rf8 34.Qe7 Qd5 
0-1

[Event "Xtracon Chess Open 2018"]
[Site "Elsinore"]
[Date "2018.07.22"]
[Round "3"]
[White "Kleimark, Anders"]
[Black "Densing, Gerd"]
[Result "1-0"]
[WhiteElo "2024"]
[BlackElo "1794"]
[EventDate "2018.07.21"]
[WhiteFideId "1709968"]
[BlackFideId "24621013"]

1.d4 e6 2.c4 Nf6 3.g3 d5 4.Nf3 c6 5.Bg2 Bb4+ 6.Bd2 a5 7.O-O O-O 8.Nc3 Nbd7
9.a3 Bxc3 10.Bxc3 Ne4 11.Qc2 b6 12.Ne5 Nxe5 13.Bxe4 Ng6 14.Bg2 Ba6 15.b3 
Rc8 16.c5 bxc5 17.dxc5 Ra8 18.Qd2 Bb7 19.h4 f6 20.e4 Ne7 21.f4 a4 22.b4 
Ba6 23.Rfe1 Bc4 24.Bh3 Kf7 25.exd5 Bxd5 26.Qe2 Qc8 27.Rad1 Nf5 28.Bxf5 
exf5 29.Bxf6 gxf6 30.Rxd5 cxd5 31.Qh5+ 1-0

[Event "Xtracon Chess Open 2018"]
[Site "Elsinore"]
[Date "2018.07.22"]
[Round "3"]
[White "Nielsen, Palle"]
[Black "Pakmor, Claus"]
[Result "1/2-1/2"]
[WhiteElo "1771"]
[BlackElo "2023"]
[EventDate "2018.07.21"]
[WhiteFideId "1408526"]
[BlackFideId "1431609"]

1.d4 d5 2.Nf3 Nf6 3.Nc3 e6 4.Bf4 Bd6 5.Bg3 a6 6.e3 O-O 7.Bd3 b6 8.Ne5 Bb7 
9.f4 Ne4 10.Qf3 f6 11.Ng4 f5 12.Ne5 c5 13.Qh5 Be7 14.Bxe4 fxe4 15.O-O Rf5 
16.Qg4 cxd4 17.exd4 Nc6 18.Ne2 Rc8 19.c3 Rc7 20.Bf2 Bc8 21.Be3 Bh4 22.g3 
Be7 23.Qh3 Nxe5 24.fxe5 Bg5 25.Nf4 Rcf7 26.Rf2 Bxf4 27.gxf4 Bd7 28.Raf1 b5
29.Qg3 Qf8 30.a3 Kh8 31.h4 Qe7 32.Rh2 Rh5 33.Qg4 Rff5 34.Rff2 Be8 35.Kf1 
Rh6 36.Rfg2 Bh5 37.Qg3 Bf3 38.Rg1 Qc7 39.Ke1 Rhh5 40.Qf2 Rf7 41.Rh3 Qe7 
42.Rh2 Rf8 43.Rg5 Rxg5 44.hxg5 g6 45.Qf1 Rb8 46.Kf2 a5 47.Bd2 Qd7 48.Kg3 
Rb6 49.c4 dxc4 50.Bxa5 Ra6 51.Bc3 Bh5 52.Kf2 Kg8 53.Ke3 Bf3 1/2-1/2

[Event "Xtracon Chess Open 2018"]
[Site "Elsinore"]
[Date "2018.07.22"]
[Round "3"]
[White "Andersson, Lars"]
[Black "Schouten, Mathias Lind"]
[Result "1/2-1/2"]
[WhiteElo "2022"]
[BlackElo "1784"]
[EventDate "2018.07.21"]
[WhiteFideId "1706772"]
[BlackFideId "1532790"]

1.d4 c5 2.c3 cxd4 3.cxd4 g6 4.Nc3 Bg7 5.Nf3 Nf6 6.Bf4 d6 7.e3 O-O 8.Be2 
Qb6 9.O-O Qxb2 10.Nb5 Nc6 11.a3 a6 12.Rb1 Qa2 13.Ra1 Qb2 14.Rb1 Qa2 15.Ra1
Qb2 1/2-1/2

[Event "Xtracon Chess Open 2018"]
[Site "Elsinore"]
[Date "2018.07.22"]
[Round "3"]
[White "Falkesgaard, Jeppe Hald"]
[Black "Roder, Peter Ulrik"]
[Result "0-1"]
[WhiteElo "1731"]
[BlackElo "2021"]
[EventDate "2018.07.21"]
[WhiteFideId "1464981"]
[BlackFideId "1402471"]

1.d4 d5 2.c4 e6 3.Nc3 Nf6 4.Bg5 Be7 5.e3 O-O 6.Nf3 b6 7.cxd5 Nxd5 8.Bxe7 
Qxe7 9.Nxd5 exd5 10.Bd3 c5 11.O-O c4 12.Bc2 Bg4 13.a3 Nd7 14.h3 Bh5 15.g4 
Bg6 16.Bxg6 fxg6 17.Kg2 Rf7 18.Rc1 Qe4 19.Kg3 h6 20.Nh4 Qe6 21.Qc2 Rf6 22.
Nf3 Raf8 23.Ne1 b5 24.Qd2 R6f7 25.Qc2 Nf6 26.Kg2 Nxg4 27.hxg4 Qxg4+ 28.Kh1
Rf3 29.Ng2 R8f5 0-1

[Event "Xtracon Chess Open 2018"]
[Site "Elsinore"]
[Date "2018.07.22"]
[Round "3"]
[White "Larsen, Ulrik"]
[Black "Maharjan, Radha Krishna"]
[Result "1-0"]
[WhiteElo "2011"]
[BlackElo "1765"]
[EventDate "2018.07.21"]
[WhiteFideId "1441167"]
[BlackFideId "12301884"]

1.e4 e6 2.d4 d5 3.e5 c5 4.c3 Nc6 5.Nf3 Qb6 6.a3 cxd4 7.cxd4 Bd7 8.b4 a6 9.
Bb2 Rc8 10.Bd3 Be7 11.O-O Na7 12.Nc3 Nh6 13.Rc1 O-O 14.Bb1 Rfe8 15.Qd3 g6 
16.Qe3 Bf8 17.Qf4 Bg7 18.h4 Rf8 19.h5 Qd8 20.Qg3 Qe7 21.Ng5 b5 22.Rfe1 Rc6
23.Ne2 Nf5 24.Bxf5 exf5 25.Nf4 Be6 26.hxg6 fxg6 27.Rxc6 Nxc6 28.Ngxe6 Re8 
29.Nxg7 Qxg7 30.Nxd5 Rd8 31.Nf6+ Kh8 32.d5 Ne7 33.d6 Ng8 34.Rc1 Nxf6 35.
exf6 Qf7 36.Rc7 Qa2 37.Rxh7+ Kxh7 38.Qh4+ Kg8 39.f7+ Kxf7 40.Qf6+ 1-0

[Event "Xtracon Chess Open 2018"]
[Site "Elsinore"]
[Date "2018.07.22"]
[Round "3"]
[White "Wiberg, Jonas"]
[Black "Rasmussen, Ken L."]
[Result "0-1"]
[WhiteElo "1715"]
[BlackElo "2009"]
[EventDate "2018.07.21"]
[WhiteFideId "1720090"]
[BlackFideId "1443933"]

1.b3 e5 2.Bb2 Nc6 3.c4 Nf6 4.d3 Bc5 5.e4 d6 6.Be2 O-O 7.Nf3 a5 8.a3 Ng4 9.
O-O f5 10.Nbd2 Nf6 11.Qc2 fxe4 12.Nxe4 Nxe4 13.dxe4 Qf6 14.Qd2 Bg4 15.Qd3 
Be6 16.Qd2 h6 17.Bc1 Nd4 18.Bd1 a4 19.Nxd4 Bxd4 20.Rb1 axb3 21.Bxb3 Qh4 
22.Qc2 Bc5 23.a4 Rf6 24.Be3 Bxe3 25.fxe3 c5 26.Rxf6 Qxf6 27.Qd3 Rf8 28.Rb2
Qh4 29.g3 Qf6 30.Qe2 Bh3 31.Qf2 Qg5 0-1

[Event "Xtracon Chess Open 2018"]
[Site "Elsinore"]
[Date "2018.07.22"]
[Round "3"]
[White "Stern, Geoffrey"]
[Black "Christiansen, Torsten Sundgaar"]
[Result "1/2-1/2"]
[WhiteElo "2008"]
[BlackElo "1722"]
[EventDate "2018.07.21"]
[WhiteFideId "4002679"]
[BlackFideId "1419714"]

1.d4 Nf6 2.Nc3 d5 3.Bf4 c6 4.e3 g6 5.Nf3 Bg7 6.Be2 Nbd7 7.Ne5 Qb6 8.a3 
Nxe5 9.Bxe5 Bf5 10.g4 Be6 11.g5 Nh5 12.Bxh5 Bxe5 13.dxe5 gxh5 14.Qd3 Qxb2 
15.Rb1 Qxa3 16.Rxb7 Qa1+ 17.Rb1 Qa5 18.Kd2 Qc7 19.f4 c5 20.Qb5+ Bd7 21.
Nxd5 Qd8 22.Qb7 Rc8 23.Qxa7 Bc6 24.Qxe7+ Qxe7 25.Nxe7 Kxe7 26.Rhg1 1/2-1/2

[Event "Xtracon Chess Open 2018"]
[Site "Elsinore"]
[Date "2018.07.22"]
[Round "3"]
[White "Yilmaz, Kazim"]
[Black "Jensen, Morten Frank"]
[Result "0-1"]
[WhiteElo "1669"]
[BlackElo "2007"]
[EventDate "2018.07.21"]
[WhiteFideId "1514326"]
[BlackFideId "1407325"]

1.Nf3 g6 2.g3 Bg7 3.Bg2 c5 4.c4 Nc6 5.Nc3 b6 6.O-O Bb7 7.e3 d6 8.d4 Nf6 9.
dxc5 bxc5 10.e4 O-O 11.Bf4 Na5 12.Qe2 Nh5 13.Rac1 Nxf4 14.gxf4 Bh6 15.Ng5 
Nc6 16.Rcd1 Nd4 17.Qg4 Bg7 18.Qh4 h6 19.Nf3 e6 20.Qxd8 Rfxd8 21.Nxd4 cxd4 
22.Nb5 e5 23.fxe5 dxe5 24.b3 g5 25.Nc7 Rab8 26.Nd5 a5 27.Rb1 f6 28.a3 Kf7 
29.b4 axb4 30.axb4 Bf8 31.c5 Ba6 32.Rfc1 Bb5 33.Bf1 f5 34.Bxb5 Rxb5 35.f3 
g4 36.Nb6 gxf3 37.exf5 e4 38.Kf2 Be7 39.Nc4 Bh4+ 40.Kf1 e3 41.Nd6+ Rxd6 
42.cxd6 e2+ 43.Kg1 e1=Q+ 44.Rxe1 f2+ 45.Kf1 fxe1=Q+ 46.Rxe1 Bxe1 47.Kxe1 
Rxb4 48.d7 Ke7 49.d8=Q+ Kxd8 50.f6 Rb2 51.f7 Ke7 52.f8=Q+ Kxf8 53.h4 Kf7 
54.h5 Kf6 55.Kd1 Kf5 56.Kc1 Rh2 57.Kd1 Ke4 58.Ke1 Ke3 59.Kd1 d3 60.Kc1 d2+
61.Kc2 Rxh5 62.Kd1 Rh1+ 63.Kc2 d1=Q+ 64.Kc3 Qd3+ 65.Kb4 Qc2 66.Kb5 Rb1+ 
67.Ka5 Qa2# 0-1